Small gas engine repair (Record no. 577842)

000 -LEADER
fixed length control field 00492nam a22001817a 4500
003 - CONTROL NUMBER IDENTIFIER
control field CEME
005 - DATE AND TIME OF LATEST TRANSACTION
control field 20210628204613.0
008 - FIXED-LENGTH DATA ELEMENTS--GENERAL INFORMATION
fixed length control field 210219b xxu||||| |||| 00| 0 eng d
020 ## - INTERNATIONAL STANDARD BOOK NUMBER
International Standard Book Number 0-8306-4142-9
040 ## - CATALOGING SOURCE
Transcribing agency .
082 ## - DEWEY DECIMAL CLASSIFICATION NUMBER
Classification number 621.433 DEM'S
100 ## - MAIN ENTRY--PERSONAL NAME
Personal name Dempsey, Paul
9 (RLIN) 71177
245 ## - TITLE STATEMENT
Title Small gas engine repair
260 ## - PUBLICATION, DISTRIBUTION, ETC.
Place of publication, distribution, etc. SUMMIT
Name of publisher, distributor, etc. TAB
Date of publication, distribution, etc. 1993
300 ## - PHYSICAL DESCRIPTION
Extent 230P
650 ## - SUBJECT ADDED ENTRY--TOPICAL TERM
Topical term or geographic name entry element INTERNAL COMBUSTION ENGINES SPARK IGNITION MAINTENANCE AND REPAIR ACC NO-30116
9 (RLIN) 71178
942 ## - ADDED ENTRY ELEMENTS (KOHA)
Koha item type Book
Source of classification or shelving scheme
Holdings
Withdrawn status Lost status Damaged status Not for loan Permanent Location Current Location Shelving location Date acquired Total Checkouts Full call number Barcode Date last seen Price effective from Koha item type
        College of Electrical & Mechanical Engineering (CEME) College of Electrical & Mechanical Engineering (CEME) General Stacks 04/18/2017   621.433 DEM'S CEME-30116 06/28/2021 06/28/2021 Book
© 2023 Central Library, National University of Sciences and Technology. All Rights Reserved.